000 01250cam a2200385u 4500
001 5882445
003 OSt
005 20260702131059.0
008 830421s1909 enka 000 0 eng
010 _a 10014908
020 _a9781853260001
035 _a5882445
040 _aDLC
_cCarP
_dDLC
050 0 0 _aPR4034
_b.A97 1993 C.1
100 1 _aAusten, Jane,
_d1775-1817.
245 0 0 _aPride and prejudice /
_cAusten, Jane
260 _aEast Street, Ware, Hertfordshir :
_bWordsworth,
_c1993.
300 _axxx, 329p.
_bincl. front., illus.
_c19 cm.
336 _atext
_btxt
_2rdacontent
337 _aunmediated
_bn
_2rdamedia
338 _avolume
_bnc
_2rdacarrier
583 _aCataloguing:
_c20260702
_kgtanuigtanui
650 0 _aSocial classes
_vFiction.
650 0 _aYoung women
_vFiction.
650 0 _aCourtship
_vFiction.
650 0 _aSisters
_vFiction.
651 0 _aEngland
_vFiction.
655 7 _aDomestic fiction.
_2lcsh
655 7 _aLove stories.
_2gsafd
655 7 _aFiction.
_2lcgft
_0https://id.loc.gov/authorities/genreForms/gf2014026339
700 1 _aLittlewood, Ian
906 _a0
_bcbc
_cpremunv
_du
_encip
_f19
_gy-gencatlg
942 _2lcc
_cBK
999 _c21764
_d21763